01551nam a2200361 a 4500001001000000003000500010005001700015008004100032010001100073011001100084040000900095090001000104100003900114245019300153260004100346500006000387502008300447590004000530590004000570650003900610650002300649650002300672650003500695650003700730650003400767856007000801901000700871942001000878942000600888999001900894952014000913952013601053000112080CHAP20220329144245.0151202s2015 mx a fsm |||||||spa d a108541 a109513 cCHAP aTesis1 aVázquez Velasco, Ricardo913018510aOrganización autogestiva de los usuarios del agua potable en San Pedro Chichicasco y el Platanar, municipio de Malinalco, Estado de México /h[En línea]cpor Ricardo Vazquez Velasco. aChapingo, Méx. :bEl autor,c2015. aPara ver el contenido del material haga clic en la liga aTesis (M.C. en Sociología Rural) -- UACH. Departamento de Sociología Rural aE6096MTMb05c20151202lUCH01h1102 aE6096MTMb05c20151202lUCH01h111614aAgua potablexUtilización.9245214aDemocracia.93174014aDirigentes.93270014aOrganizaciones civiles.98353114aParticipación ciudadana98580014aServicios públicos.9105335 aFinding aiduhttp://10.13.5.2/tesis/sist112080.pdfzTeclea aquí aBK cTESIS n0 c108541d108541 00102local4053708TESISaBCbBCcPA_TESISd2015-12-02fTESISl0oTesisp33724002512033r2019-12-31 00:00:00tc.2w2019-12-31yTESIS 00104054718TESISaBCbBCd2015-12-02fTESISl0oTesisp33724002512074r2019-12-31 00:00:00w2019-12-31yTESISzRecien adquirido